Nurse Education; (Record no. 2463)

MARC details
000 -LEADER
fixed length control field 00458nam a22001817a 4500
003 - CONTROL NUMBER IDENTIFIER
control field OSt
005 - DATE AND TIME OF LATEST TRANSACTION
control field 20151109122302.0
008 - FIXED-LENGTH DATA ELEMENTS--GENERAL INFORMATION
fixed length control field 151109b xxu||||| |||| 00| 0 eng d
020 ## - INTERNATIONAL STANDARD BOOK NUMBER
International Standard Book Number 0340557869
040 ## - CATALOGING SOURCE
Transcribing agency DLMN
050 ## - LIBRARY OF CONGRESS CALL NUMBER
Classification number WY 18.8
Item number N937s
100 ## - MAIN ENTRY--PERSONAL NAME
Personal name REED.J;PROCTER.S
9 (RLIN) 6034
245 ## - TITLE STATEMENT
Title Nurse Education;
Remainder of title Areflective approach.
300 ## - PHYSICAL DESCRIPTION
Extent xii,203;
Other physical details ill;
Dimensions 26cm
504 ## - BIBLIOGRAPHY, ETC. NOTE
Bibliography, etc includes index
650 ## - SUBJECT ADDED ENTRY--TOPICAL TERM
Topical term or geographic name as entry element Health Science.
9 (RLIN) 6035
942 ## - ADDED ENTRY ELEMENTS (KOHA)
Source of classification or shelving scheme Dewey Decimal Classification
Koha item type Short Loan
Holdings
Withdrawn status Lost status Source of classification or shelving scheme Damaged status Not for loan Home library Current library Date acquired Source of acquisition Inventory number Total Checkouts Barcode Date last seen Price effective from Koha item type
    Dewey Decimal Classification     MUST Main Library MUST Main Library 09/11/2015   06/27405   2015-2483 09/11/2015 09/11/2015 Short Loan